[Event "M.I. Dvoretsky Memorial 2022"]
[Site "Moscow, Russia"]
[Date "2022.12.13"]
[Round "8.3"]
[White "Popov, Ivan"]
[Black "Makarian, Rudik"]
[Result "1-0"]
[TimeControl "45'+15\""]
[WhiteTitle "GM"]
[BlackTitle "IM"]
[WhiteFideId "4170350"]
[BlackFideId "44105681"]
[WhiteElo "2627"]
[BlackElo "2554"]

1. e4 {[%clk 00:45:28]} c5 {[%clk 00:45:23]} {[%emt 00:00:07]} 2. Nf3 {[%clk
00:45:38]} {[%emt 00:00:05]} e6 {[%clk 00:45:34]} {[%emt 00:00:05]} 3. c3
{[%clk 00:44:45]} {[%emt 00:01:08]} d5 {[%clk 00:45:39]} {[%emt 00:00:09]} 4.
exd5 {[%clk 00:44:39]} {[%emt 00:00:20]} exd5 {[%clk 00:45:28]} {[%emt
00:00:26]} 5. d4 {[%clk 00:44:47]} {[%emt 00:00:06]} Nc6 {[%clk 00:45:39]}
{[%emt 00:00:04]} 6. Bb5 {[%clk 00:44:56]} {[%emt 00:00:08]} Bd6 {[%clk
00:45:50]} {[%emt 00:00:04]} 7. O-O {[%clk 00:44:24]} {[%emt 00:00:46]} Nge7
{[%clk 00:45:58]} {[%emt 00:00:07]} 8. dxc5 {[%clk 00:44:04]} {[%emt 00:00:36]}
Bxc5 {[%clk 00:46:09]} {[%emt 00:00:04]} 9. Nbd2 {[%clk 00:44:05]} {[%emt
00:00:14]} O-O {[%clk 00:46:18]} {[%emt 00:00:06]} 10. Nb3 {[%clk 00:44:16]}
{[%emt 00:00:04]} Bb6 {[%clk 00:46:04]} {[%emt 00:00:30]} 11. Re1 {[%clk
00:42:47]} {[%emt 00:01:43]} Bg4 {[%clk 00:42:33]} {[%emt 00:03:46]} 12. h3
{[%clk 00:42:31]} {[%emt 00:00:31]} Bh5 {[%clk 00:42:14]} {[%emt 00:00:34]} 13.
Be3 {[%clk 00:42:38]} {[%emt 00:00:07]} Bxe3 {[%clk 00:36:35]} {[%emt
00:05:54]} 14. Rxe3 {[%clk 00:42:51]} {[%emt 00:00:02]} Qd6 {[%clk 00:34:55]}
{[%emt 00:01:55]} 15. Qd2 {[%clk 00:39:25]} {[%emt 00:03:38]} Rad8 {[%clk
00:34:05]} {[%emt 00:01:08]} 16. Nfd4 {[%clk 00:32:33]} {[%emt 00:07:06]} Nxd4
{[%clk 00:29:33]} {[%emt 00:04:47]} 17. Nxd4 {[%clk 00:32:35]} {[%emt
00:00:12]} a6 {[%clk 00:28:11]} {[%emt 00:01:38]} 18. Rae1 {[%clk 00:28:40]}
{[%emt 00:04:10]} Nc8 {[%clk 00:28:16]} {[%emt 00:00:10]} 19. Bd3 {[%clk
00:25:05]} {[%emt 00:03:50]} Qf6 {[%clk 00:24:35]} {[%emt 00:03:57]} 20. Re5
{[%clk 00:21:40]} {[%emt 00:03:40]} Bg6 {[%clk 00:24:22]} {[%emt 00:00:28]} 21.
Bxg6 {[%clk 00:21:52]} {[%emt 00:00:02]} hxg6 {[%clk 00:24:33]} {[%emt
00:00:04]} 22. Nf3 {[%clk 00:21:53]} {[%emt 00:00:14]} Nb6 {[%clk 00:19:40]}
{[%emt 00:05:08]} 23. b3 {[%clk 00:21:27]} {[%emt 00:00:41]} Rd6 {[%clk
00:19:51]} {[%emt 00:00:04]} 24. Qd4 {[%clk 00:19:51]} {[%emt 00:01:50]} Nd7
{[%clk 00:18:19]} {[%emt 00:01:48]} 25. Rxd5 {[%clk 00:19:59]} {[%emt
00:00:07]} Qxd4 {[%clk 00:18:26]} {[%emt 00:00:08]} 26. Rxd4 {[%clk 00:20:10]}
{[%emt 00:00:04]} Rxd4 {[%clk 00:18:37]} {[%emt 00:00:04]} 27. Nxd4 {[%clk
00:20:21]} {[%emt 00:00:04]} Rd8 {[%clk 00:18:49]} {[%emt 00:00:03]} 28. Kf1
{[%clk 00:12:02]} {[%emt 00:08:34]} Kf8 {[%clk 00:18:28]} {[%emt 00:00:36]} 29.
Rd1 {[%clk 00:09:51]} {[%emt 00:02:26]} Ke7 {[%clk 00:18:16]} {[%emt 00:00:28]}
30. Nf3 {[%clk 00:09:58]} {[%emt 00:00:07]} Rc8 {[%clk 00:18:20]} {[%emt
00:00:11]} 31. Rd3 {[%clk 00:10:07]} {[%emt 00:00:06]} Nc5 {[%clk 00:17:23]}
{[%emt 00:01:12]} 32. Re3+ {[%clk 00:10:16]} {[%emt 00:00:05]} Kf6 {[%clk
00:17:30]} {[%emt 00:00:07]} 33. Nd4 {[%clk 00:09:09]} {[%emt 00:01:22]} g5
{[%clk 00:17:12]} {[%emt 00:00:34]} 34. Ke2 {[%clk 00:09:05]} {[%emt 00:00:18]}
g6 {[%clk 00:16:48]} {[%emt 00:00:40]} 35. Kd2 {[%clk 00:08:40]} {[%emt
00:00:39]} Rd8 {[%clk 00:16:13]} {[%emt 00:00:50]} 36. Kc2 {[%clk 00:08:50]}
{[%emt 00:00:05]} b5 {[%clk 00:16:09]} {[%emt 00:00:20]} 37. Ne2 {[%clk
00:06:20]} {[%emt 00:02:44]} Rc8 {[%clk 00:15:09]} {[%emt 00:01:16]} 38. Nc1
{[%clk 00:05:06]} {[%emt 00:01:28]} Ne6 {[%clk 00:15:06]} {[%emt 00:00:18]} 39.
Nd3 {[%clk 00:05:18]} {[%emt 00:00:03]} Rc7 {[%clk 00:14:59]} {[%emt 00:00:22]}
40. Re4 {[%clk 00:05:05]} {[%emt 00:00:27]} Kf5 {[%clk 00:14:09]} {[%emt
00:01:05]} 41. Re5+ {[%clk 00:05:19]} {[%emt 00:00:02]} Kf6 {[%clk 00:14:15]}
{[%emt 00:00:09]} 42. Rd5 {[%clk 00:05:31]} {[%emt 00:00:02]} Rc6 {[%clk
00:12:33]} {[%emt 00:01:58]} 43. Rd7 {[%clk 00:05:29]} {[%emt 00:00:16]} Nf4
{[%clk 00:12:02]} {[%emt 00:00:46]} 44. Nxf4 {[%clk 00:03:57]} {[%emt
00:01:47]} gxf4 {[%clk 00:12:12]} {[%emt 00:00:05]} 45. Kd3 {[%clk 00:03:51]}
{[%emt 00:00:21]} Ke6 {[%clk 00:11:22]} {[%emt 00:01:06]} 46. Rd4 {[%clk
00:03:59]} {[%emt 00:00:07]} g5 {[%clk 00:11:25]} {[%emt 00:00:11]} 47. a4
{[%clk 00:03:44]} {[%emt 00:00:30]} f6 {[%clk 00:10:39]} {[%emt 00:01:01]} 48.
a5 {[%clk 00:03:54]} {[%emt 00:00:05]} Rc8 {[%clk 00:09:21]} {[%emt 00:01:33]}
49. b4 {[%clk 00:03:48]} {[%emt 00:00:21]} Rh8 {[%clk 00:07:38]} {[%emt
00:01:58]} 50. f3 {[%clk 00:02:52]} {[%emt 00:01:11]} f5 {[%clk 00:06:56]}
{[%emt 00:00:57]} 51. c4 {[%clk 00:02:50]} {[%emt 00:00:17]} bxc4+ {[%clk
00:06:48]} {[%emt 00:00:24]} 52. Rxc4 {[%clk 00:03:04]} {[%emt 00:00:01]} Rd8+
{[%clk 00:06:18]} {[%emt 00:00:45]} 53. Kc3 {[%clk 00:02:52]} {[%emt 00:00:26]}
Rd6 {[%clk 00:05:52]} {[%emt 00:00:41]} 54. Rc5 {[%clk 00:03:02]} {[%emt
00:00:05]} Kf6 {[%clk 00:05:35]} {[%emt 00:00:32]} 55. b5 {[%clk 00:02:41]}
{[%emt 00:00:36]} axb5 {[%clk 00:05:40]} {[%emt 00:00:11]} 56. Rxb5 {[%clk
00:02:54]} {[%emt 00:00:02]} Rd1 {[%clk 00:05:40]} {[%emt 00:00:14]} 57. Rb2
{[%clk 00:02:58]} {[%emt 00:00:10]} Ra1 {[%clk 00:04:49]} {[%emt 00:01:06]} 58.
Kb4 {[%clk 00:03:11]} {[%emt 00:00:02]} g4 {[%clk 00:04:57]} {[%emt 00:00:08]}
59. hxg4 {[%clk 00:02:02]} {[%emt 00:01:24]} fxg4 {[%clk 00:04:58]} {[%emt
00:00:14]} 60. fxg4 {[%clk 00:02:16]} {[%emt 00:00:01]} Kg5 {[%clk 00:05:13]}
{[%emt 00:00:01]} 61. Kb5 {[%clk 00:02:27]} {[%emt 00:00:03]} Kxg4 {[%clk
00:05:24]} {[%emt 00:00:04]} 62. a6 {[%clk 00:02:40]} {[%emt 00:00:03]} Kg3
{[%clk 00:02:53]} {[%emt 00:02:46]} 63. Kb6 {[%clk 00:02:52]} {[%emt 00:00:03]}
Rh1 {[%clk 00:02:16]} {[%emt 00:00:52]} 64. a7 {[%clk 00:02:39]} {[%emt
00:00:28]} Rh8 {[%clk 00:02:16]} {[%emt 00:00:15]} 65. Kb7 {[%clk 00:02:39]}
{[%emt 00:00:15]} Rh7+ {[%clk 00:02:29]} {[%emt 00:00:02]} 66. Ka6 {[%clk
00:02:52]} {[%emt 00:00:02]} Rh8 {[%clk 00:02:27]} {[%emt 00:00:17]} 67. Rb8
{[%clk 00:02:13]} {[%emt 00:00:54]} Rh1 {[%clk 00:01:42]} {[%emt 00:01:01]} 68.
Rg8+ {[%clk 00:02:22]} {[%emt 00:00:05]} Kf2 {[%clk 00:01:55]} {[%emt
00:00:02]} 69. a8=Q {[%emt 00:00:10]} 1-0

[Event "M.I. Dvoretsky Memorial 2022"]
[Site "Moscow, Russia"]
[Date "2022.12.13"]
[Round "8.2"]
[White "Murzin, Volodar"]
[Black "Riazantsev, Alexander"]
[Result "1/2-1/2"]
[TimeControl "45'+15\""]
[WhiteTitle "GM"]
[BlackTitle "GM"]
[WhiteFideId "44155573"]
[BlackFideId "4125029"]
[WhiteElo "2561"]
[BlackElo "2626"]

1. e4 {[%clk 00:45:27]} {[%emt 00:00:02]} c5 {[%clk 00:45:21]} {[%emt
00:00:09]} 2. Nf3 {[%clk 00:45:38]} {[%emt 00:00:04]} e6 {[%clk 00:45:32]}
{[%emt 00:00:04]} 3. g3 {[%clk 00:45:23]} {[%emt 00:00:30]} Nc6 {[%clk
00:45:18]} {[%emt 00:00:29]} 4. Bg2 {[%clk 00:45:28]} {[%emt 00:00:10]} Nf6
{[%clk 00:45:07]} {[%emt 00:00:26]} 5. Qe2 {[%clk 00:45:32]} {[%emt 00:00:11]}
e5 {[%clk 00:44:08]} {[%emt 00:01:14]} 6. Nc3 {[%clk 00:45:33]} {[%emt
00:00:15]} d6 {[%clk 00:42:50]} {[%emt 00:01:33]} 7. Nd5 {[%clk 00:38:45]}
{[%emt 00:07:02]} Nxd5 {[%clk 00:37:59]} {[%emt 00:05:07]} 8. exd5 {[%clk
00:37:58]} {[%emt 00:01:02]} Ne7 {[%clk 00:38:13]} {[%emt 00:00:01]} 9. O-O
{[%clk 00:35:49]} {[%emt 00:02:24]} Nf5 {[%clk 00:37:11]} {[%emt 00:01:16]} 10.
b4 {[%clk 00:29:34]} {[%emt 00:06:30]} cxb4 {[%clk 00:27:01]} {[%emt 00:10:25]}
11. d4 {[%clk 00:29:18]} {[%emt 00:00:30]} Be7 {[%clk 00:27:13]} {[%emt
00:00:04]} 12. dxe5 {[%clk 00:29:06]} {[%emt 00:00:28]} dxe5 {[%clk 00:27:02]}
{[%emt 00:00:26]} 13. Nxe5 {[%clk 00:29:05]} {[%emt 00:00:15]} O-O {[%clk
00:27:13]} {[%emt 00:00:05]} 14. Bf4 {[%clk 00:20:01]} {[%emt 00:09:18]} Bd6
{[%clk 00:27:15]} {[%emt 00:00:13]} 15. Rfe1 {[%clk 00:15:35]} {[%emt
00:04:41]} g5 {[%clk 00:21:06]} {[%emt 00:06:24]} 16. Bc1 {[%clk 00:15:26]}
{[%emt 00:00:24]} Re8 {[%clk 00:04:08]} {[%emt 00:17:14]} 17. Bb2 {[%clk
00:15:30]} {[%emt 00:00:10]} f6 {[%clk 00:04:11]} {[%emt 00:00:13]} 18. Nc6
{[%clk 00:12:28]} {[%emt 00:03:17]} Rxe2 {[%clk 00:03:53]} {[%emt 00:00:32]} 19.
Nxd8 {[%clk 00:12:41]} {[%emt 00:00:02]} Re5 {[%clk 00:01:38]} {[%emt
00:02:31]} 20. Rad1 {[%clk 00:11:47]} {[%emt 00:01:09]} a5 {[%clk 00:00:22]}
{[%emt 00:01:31]} 21. Bxe5 {[%clk 00:11:18]} {[%emt 00:00:44]} fxe5 {[%clk
00:00:36]} {[%emt 00:00:01]} 22. Ne6 {[%clk 00:10:21]} {[%emt 00:01:11]} h6
{[%clk 00:00:51]} 23. Be4 {[%clk 00:10:29]} {[%emt 00:00:07]} Ng7 {[%clk
00:00:25]} {[%emt 00:00:41]} 24. Nc7 {[%clk 00:10:01]} {[%emt 00:00:43]} Bxc7
{[%clk 00:00:20]} {[%emt 00:00:20]} 25. d6 {[%clk 00:10:15]} Bb6 {[%clk
00:00:18]} {[%emt 00:00:17]} 26. d7 {[%clk 00:10:27]} {[%emt 00:00:03]} Bxd7
{[%clk 00:00:27]} {[%emt 00:00:07]} 27. Rxd7 {[%clk 00:10:38]} {[%emt
00:00:04]} Rf8 {[%clk 00:00:33]} {[%emt 00:00:08]} 28. Re2 {[%clk 00:10:28]}
{[%emt 00:00:25]} Bd4 {[%clk 00:00:25]} {[%emt 00:00:24]} 29. Rxb7 {[%clk
00:10:36]} {[%emt 00:00:07]} Ne8 {[%clk 00:00:28]} {[%emt 00:00:12]} 30. Rb5
{[%clk 00:07:35]} {[%emt 00:03:16]} Nf6 {[%clk 00:00:42]} 31. Bd5+ {[%clk
00:02:19]} {[%emt 00:05:32]} Kg7 {[%clk 00:00:29]} {[%emt 00:00:29]} 32. Rxa5
{[%clk 00:01:42]} {[%emt 00:00:51]} Ng4 {[%clk 00:00:41]} {[%emt 00:00:02]} 33.
Ra8 {[%clk 00:00:46]} {[%emt 00:01:12]} Rf6 {[%clk 00:00:30]} {[%emt 00:00:26]}
34. Kg2 {[%clk 00:00:25]} {[%emt 00:00:35]} Nxf2 {[%clk 00:00:42]} {[%emt
00:00:02]} 35. Rg8+ {[%clk 00:00:25]} {[%emt 00:00:15]} Kh7 {[%clk 00:00:57]}
36. Rb8 {[%clk 00:00:27]} {[%emt 00:00:13]} Nd1 {[%clk 00:01:01]} {[%emt
00:00:11]} 37. Be4+ {[%clk 00:00:27]} {[%emt 00:00:15]} Kg7 {[%clk 00:01:14]}
{[%emt 00:00:02]} 38. Rb7+ {[%clk 00:00:29]} {[%emt 00:00:13]} Kf8 {[%clk
00:01:13]} {[%emt 00:00:16]} 39. Rxb4 {[%clk 00:00:31]} {[%emt 00:00:13]} g4
{[%clk 00:00:43]} {[%emt 00:00:44]} 40. Bd3 {[%clk 00:00:22]} {[%emt 00:00:24]}
h5 {[%clk 00:00:34]} {[%emt 00:00:25]} 41. Rb1 {[%clk 00:00:23]} {[%emt
00:00:13]} Nc3 {[%clk 00:00:30]} {[%emt 00:00:19]} 42. Rb8+ {[%clk 00:00:37]}
Kg7 {[%clk 00:00:36]} {[%emt 00:00:09]} 43. Re1 {[%clk 00:00:34]} {[%emt
00:00:18]} e4 {[%clk 00:00:20]} {[%emt 00:00:31]} 44. Bc4 {[%clk 00:00:22]}
{[%emt 00:00:28]} Rf2+ {[%clk 00:00:23]} {[%emt 00:00:12]} 45. Kh1 {[%clk
00:00:36]} Rxc2 {[%clk 00:00:24]} {[%emt 00:00:14]} 46. Rf1 {[%clk 00:00:24]}
{[%emt 00:00:27]} Bf2 {[%clk 00:00:38]} 47. Rb7+ {[%clk 00:00:19]} {[%emt
00:00:20]} Kh6 {[%clk 00:00:48]} {[%emt 00:00:05]} 48. Rc7 {[%clk 00:00:26]}
{[%emt 00:00:08]} Rd2 {[%clk 00:00:21]} {[%emt 00:00:42]} 49. Be6 {[%clk
00:00:28]} {[%emt 00:00:13]} e3 {[%clk 00:00:19]} {[%emt 00:00:17]} 50. Rxc3
{[%clk 00:00:25]} {[%emt 00:00:18]} e2 {[%clk 00:00:31]} {[%emt 00:00:03]} 51.
Rcc1 {[%clk 00:00:39]} {[%emt 00:00:02]} exf1=Q+ {[%clk 00:00:26]} {[%emt
00:00:18]} 52. Rxf1 {[%clk 00:00:52]} {[%emt 00:00:02]} Re2 {[%clk 00:00:27]}
{[%emt 00:00:14]} 53. Bc4 {[%clk 00:00:57]} {[%emt 00:00:10]} Re1 {[%clk
00:00:40]} {[%emt 00:00:02]} 1/2-1/2

[Event "M.I. Dvoretsky Memorial 2022"]
[Site "Moscow, Russia"]
[Date "2022.12.13"]
[Round "8.4"]
[White "Zvjaginsev, Vadim"]
[Black "Nesterov, Arseniy"]
[Result "1/2-1/2"]
[TimeControl "45'+15\""]
[WhiteTitle "GM"]
[BlackTitle "GM"]
[WhiteFideId "4113403"]
[BlackFideId "24198455"]
[WhiteElo "2598"]
[BlackElo "2573"]

1. Nf3 {[%clk 00:45:26]} {[%emt 00:00:03]} d5 {[%clk 00:45:24]} {[%emt
00:00:07]} 2. c4 {[%clk 00:45:30]} {[%emt 00:00:11]} e6 {[%clk 00:45:12]}
{[%emt 00:00:26]} 3. b3 {[%clk 00:45:34]} {[%emt 00:00:11]} Nf6 {[%clk
00:45:21]} {[%emt 00:00:06]} 4. g3 {[%clk 00:45:45]} {[%emt 00:00:04]} Be7
{[%clk 00:45:19]} {[%emt 00:00:18]} 5. Bg2 {[%clk 00:45:56]} {[%emt 00:00:04]}
O-O {[%clk 00:45:21]} {[%emt 00:00:14]} 6. O-O {[%clk 00:46:06]} {[%emt
00:00:05]} b6 {[%clk 00:44:59]} {[%emt 00:00:37]} 7. cxd5 {[%clk 00:46:15]}
{[%emt 00:00:06]} Nxd5 {[%clk 00:43:21]} {[%emt 00:01:52]} 8. Bb2 {[%clk
00:46:06]} {[%emt 00:00:24]} Bb7 {[%clk 00:43:18]} {[%emt 00:00:19]} 9. d4
{[%clk 00:46:07]} {[%emt 00:00:13]} c5 {[%clk 00:41:48]} {[%emt 00:01:45]} 10.
dxc5 {[%clk 00:45:45]} {[%emt 00:00:37]} Bxc5 {[%clk 00:41:45]} {[%emt
00:00:18]} 11. Nbd2 {[%clk 00:45:25]} {[%emt 00:00:35]} Nd7 {[%clk 00:40:32]}
{[%emt 00:01:28]} 12. a3 {[%clk 00:41:15]} {[%emt 00:04:25]} Be7 {[%clk
00:38:07]} {[%emt 00:02:41]} 13. Rc1 {[%clk 00:38:31]} {[%emt 00:02:59]} Bf6
{[%clk 00:37:05]} {[%emt 00:01:17]} 14. Nd4 {[%clk 00:38:25]} {[%emt 00:00:20]}
Rc8 {[%clk 00:32:00]} {[%emt 00:05:20]} 15. Rxc8 {[%clk 00:35:57]} {[%emt
00:02:43]} Qxc8 {[%clk 00:32:04]} {[%emt 00:00:11]} 16. Nc4 {[%clk 00:35:58]}
{[%emt 00:00:14]} Be7 {[%clk 00:28:30]} {[%emt 00:03:50]} 17. e4 {[%clk
00:30:09]} {[%emt 00:06:03]} N5f6 {[%clk 00:28:16]} {[%emt 00:00:29]} 18. e5
{[%clk 00:29:23]} {[%emt 00:01:02]} Nd5 {[%clk 00:27:37]} {[%emt 00:00:54]} 19.
Nb5 {[%clk 00:26:06]} {[%emt 00:03:32]} Qb8 {[%clk 00:25:23]} {[%emt 00:02:29]}
20. Nbd6 {[%clk 00:23:22]} {[%emt 00:02:59]} Ba8 {[%clk 00:24:05]} {[%emt
00:01:34]} 21. Qd4 {[%clk 00:22:36]} {[%emt 00:01:00]} b5 {[%clk 00:22:33]}
{[%emt 00:01:47]} 22. Nd2 {[%clk 00:19:26]} {[%emt 00:03:24]} Nxe5 {[%clk
00:20:30]} {[%emt 00:02:18]} 23. Nxf7 {[%clk 00:19:32]} {[%emt 00:00:07]} Kxf7
{[%clk 00:18:29]} {[%emt 00:02:17]} 24. Qxe5 {[%clk 00:19:14]} {[%emt
00:00:33]} Qxe5 {[%clk 00:18:35]} {[%emt 00:00:09]} 25. Bxe5 {[%clk 00:19:23]}
{[%emt 00:00:06]} Bxa3 {[%clk 00:16:11]} {[%emt 00:02:39]} 26. Ne4 {[%clk
00:18:04]} {[%emt 00:01:34]} Nf6 {[%clk 00:14:38]} {[%emt 00:01:48]} 27. Ra1
{[%clk 00:17:04]} {[%emt 00:01:15]} Bxe4 {[%clk 00:13:17]} {[%emt 00:01:37]} 28.
Rxa3 {[%clk 00:17:12]} {[%emt 00:00:07]} Ra8 {[%clk 00:12:45]} {[%emt
00:00:46]} 29. Ra6 {[%clk 00:16:40]} {[%emt 00:00:46]} Bxg2 {[%clk 00:10:44]}
{[%emt 00:02:16]} 30. Kxg2 {[%clk 00:16:07]} {[%emt 00:00:48]} Nd5 {[%clk
00:09:11]} {[%emt 00:01:48]} 31. f4 {[%clk 00:14:29]} {[%emt 00:01:53]} Nb4
{[%clk 00:06:34]} {[%emt 00:02:52]} 32. Rd6 {[%clk 00:14:35]} {[%emt 00:00:08]}
Ke7 {[%clk 00:06:43]} {[%emt 00:00:07]} 33. Rd2 {[%clk 00:13:46]} {[%emt
00:01:04]} a5 {[%clk 00:05:29]} {[%emt 00:01:29]} 34. Bd6+ {[%emt 00:01:32]}
1/2-1/2

[Event "M.I. Dvoretsky Memorial 2022"]
[Site "Moscow, Russia"]
[Date "2022.12.13"]
[Round "8.1"]
[White "Grebnev, Aleksey"]
[Black "Dreev, Aleksey"]
[Result "1/2-1/2"]
[TimeControl "45'+15\""]
[WhiteTitle "IM"]
[BlackTitle "GM"]
[WhiteFideId "34189030"]
[BlackFideId "4100107"]
[WhiteElo "2486"]
[BlackElo "2606"]

1. d4 {[%clk 00:45:27]} {[%emt 00:00:02]} d5 {[%clk 00:45:22]} {[%emt
00:00:08]} 2. c4 {[%clk 00:45:39]} {[%emt 00:00:04]} c6 {[%clk 00:45:34]}
{[%emt 00:00:02]} 3. Nc3 {[%clk 00:45:50]} {[%emt 00:00:04]} Nf6 {[%clk
00:45:44]} {[%emt 00:00:05]} 4. e3 {[%clk 00:46:02]} {[%emt 00:00:03]} a6
{[%clk 00:45:28]} {[%emt 00:00:31]} 5. Nf3 {[%clk 00:45:40]} {[%emt 00:00:37]}
Bf5 {[%clk 00:45:37]} {[%emt 00:00:06]} 6. Ne5 {[%clk 00:43:46]} {[%emt
00:02:09]} Nbd7 {[%clk 00:43:49]} {[%emt 00:02:03]} 7. Qb3 {[%clk 00:43:41]}
{[%emt 00:00:20]} Qc7 {[%clk 00:43:55]} {[%emt 00:00:10]} 8. cxd5 {[%clk
00:42:13]} {[%emt 00:01:42]} Nxe5 {[%clk 00:44:02]} {[%emt 00:00:07]} 9. dxe5
{[%clk 00:42:26]} {[%emt 00:00:03]} Nxd5 {[%clk 00:44:11]} {[%emt 00:00:06]} 10.
Nxd5 {[%clk 00:42:37]} {[%emt 00:00:04]} cxd5 {[%clk 00:44:21]} {[%emt
00:00:06]} 11. Bd2 {[%clk 00:42:40]} {[%emt 00:00:12]} Qxe5 {[%clk 00:43:55]}
{[%emt 00:00:40]} 12. Bc3 {[%clk 00:40:24]} {[%emt 00:02:32]} Qc7 {[%clk
00:40:49]} {[%emt 00:03:20]} 13. Qxd5 {[%clk 00:40:32]} {[%emt 00:00:07]} e6
{[%clk 00:40:58]} {[%emt 00:00:06]} 14. Qf3 {[%clk 00:34:24]} {[%emt 00:06:22]}
Bd6 {[%clk 00:12:15]} {[%emt 00:28:58]} 15. Be2 {[%clk 00:24:40]} {[%emt
00:09:59]} O-O {[%clk 00:11:44]} {[%emt 00:00:46]} 16. h4 {[%clk 00:20:02]}
{[%emt 00:04:53]} Be5 {[%clk 00:07:06]} {[%emt 00:04:53]} 17. Rc1 {[%clk
00:19:14]} {[%emt 00:01:03]} Bxc3+ {[%clk 00:06:56]} {[%emt 00:00:26]} 18. Rxc3
{[%clk 00:19:24]} {[%emt 00:00:05]} Qe5 {[%clk 00:06:54]} {[%emt 00:00:16]} 19.
O-O {[%clk 00:18:18]} {[%emt 00:01:20]} Be4 {[%clk 00:06:41]} {[%emt 00:00:29]}
20. Qf4 {[%clk 00:18:06]} {[%emt 00:00:26]} Qxf4 {[%clk 00:06:37]} {[%emt
00:00:19]} 21. exf4 {[%clk 00:18:18]} {[%emt 00:00:04]} Rfd8 {[%clk 00:06:32]}
{[%emt 00:00:20]} 22. Rd1 {[%clk 00:16:24]} {[%emt 00:02:09]} Kf8 {[%clk
00:05:15]} {[%emt 00:01:32]} 23. f3 {[%clk 00:15:07]} {[%emt 00:01:32]} Rxd1+
{[%clk 00:04:07]} {[%emt 00:01:22]} 24. Bxd1 {[%clk 00:15:17]} {[%emt
00:00:06]} Rd8 {[%clk 00:03:53]} {[%emt 00:00:29]} 25. Bc2 {[%clk 00:13:08]}
{[%emt 00:02:24]} Bc6 {[%clk 00:04:00]} {[%emt 00:00:08]} 26. Rd3 {[%clk
00:12:35]} {[%emt 00:00:48]} Bd5 {[%clk 00:04:12]} {[%emt 00:00:02]} 27. a3
{[%clk 00:12:38]} {[%emt 00:00:13]} Rc8 {[%clk 00:01:38]} {[%emt 00:02:49]} 28.
Bb3 {[%clk 00:11:32]} {[%emt 00:01:21]} Bxb3 {[%clk 00:01:07]} {[%emt
00:00:46]} 29. Rxb3 {[%clk 00:11:39]} {[%emt 00:00:08]} b5 {[%clk 00:00:45]}
{[%emt 00:00:37]} 30. a4 {[%clk 00:09:56]} {[%emt 00:01:58]} Rc1+ {[%clk
00:00:33]} {[%emt 00:00:26]} 31. Kh2 {[%clk 00:05:23]} {[%emt 00:04:48]} bxa4
{[%clk 00:00:46]} {[%emt 00:00:03]} 32. Rb6 {[%clk 00:04:49]} {[%emt 00:00:49]}
Rc4 {[%clk 00:00:29]} {[%emt 00:00:32]} 33. Kg3 {[%clk 00:04:38]} {[%emt
00:00:26]} a3 {[%clk 00:00:27]} {[%emt 00:00:17]} 34. bxa3 {[%clk 00:04:23]}
{[%emt 00:00:30]} Ra4 {[%clk 00:00:40]} {[%emt 00:00:01]} 35. Rb3 {[%clk
00:04:35]} {[%emt 00:00:03]} h5 {[%clk 00:00:51]} {[%emt 00:00:04]} 36. Rb8+
{[%clk 00:02:55]} {[%emt 00:01:55]} Ke7 {[%clk 00:01:04]} {[%emt 00:00:02]} 37.
Rb7+ {[%clk 00:03:08]} {[%emt 00:00:02]} Kf6 {[%clk 00:01:16]} {[%emt
00:00:03]} 38. Rb3 {[%clk 00:03:22]} {[%emt 00:00:01]} Kf5 {[%clk 00:00:40]}
{[%emt 00:00:50]} 39. Rb7 {[%clk 00:03:33]} {[%emt 00:00:05]} Kf6 {[%clk
00:00:38]} {[%emt 00:00:17]} 40. Rb3 {[%clk 00:03:47]} {[%emt 00:00:01]} g6
{[%clk 00:00:49]} {[%emt 00:00:05]} 41. Rc3 {[%clk 00:03:39]} {[%emt 00:00:23]}
Ke7 {[%clk 00:00:32]} {[%emt 00:00:32]} 42. Rb3 {[%clk 00:03:23]} {[%emt
00:00:31]} a5 {[%clk 00:00:34]} {[%emt 00:00:12]} 43. Rb7+ {[%clk 00:03:29]}
{[%emt 00:00:10]} Kf6 {[%clk 00:00:40]} {[%emt 00:00:09]} 44. Rb3 {[%clk
00:03:43]} {[%emt 00:00:01]} Rd4 {[%clk 00:00:41]} {[%emt 00:00:14]} 45. Rb5
{[%clk 00:03:19]} {[%emt 00:00:39]} Rd5 {[%clk 00:00:30]} {[%emt 00:00:26]} 46.
Rb3 {[%clk 00:03:32]} {[%emt 00:00:02]} Rc5 {[%clk 00:00:32]} {[%emt 00:00:12]}
47. Kh3 {[%clk 00:02:37]} {[%emt 00:01:10]} Rc4 {[%clk 00:00:27]} {[%emt
00:00:21]} 48. Kg3 {[%clk 00:02:48]} {[%emt 00:00:04]} a4 {[%clk 00:00:37]}
{[%emt 00:00:05]} 49. Re3 {[%clk 00:02:09]} {[%emt 00:00:54]} Ke7 {[%clk
00:00:34]} {[%emt 00:00:19]} 50. Rd3 {[%clk 00:02:10]} {[%emt 00:00:14]} f5
{[%clk 00:00:24]} {[%emt 00:00:25]} 51. Re3 {[%clk 00:02:11]} {[%emt 00:00:13]}
Rc2 {[%clk 00:00:24]} {[%emt 00:00:14]} 52. Rd3 {[%clk 00:02:18]} {[%emt
00:00:09]} Ra2 {[%clk 00:00:35]} {[%emt 00:00:04]} 53. Kh3 {[%clk 00:02:19]}
{[%emt 00:00:15]} Kf7 {[%clk 00:00:43]} {[%emt 00:00:07]} 54. Kg3 {[%clk
00:02:19]} {[%emt 00:00:15]} Kf6 {[%clk 00:00:56]} 55. Rc3 {[%clk 00:02:24]}
{[%emt 00:00:10]} Ke7 {[%clk 00:01:01]} {[%emt 00:00:11]} 56. Rd3 {[%clk
00:02:35]} {[%emt 00:00:04]} Ke8 {[%clk 00:01:10]} {[%emt 00:00:05]} 57. Kh3
{[%clk 00:02:39]} {[%emt 00:00:11]} Ke7 {[%clk 00:01:21]} {[%emt 00:00:04]} 58.
Kg3 {[%clk 00:02:52]} {[%emt 00:00:02]} 1/2-1/2